Dodawanie słów - Statystyki

Ogólne statystyki
  • Ten quiz został rozwiązany 114 razy
  • Średni wynik to 8 z 24
Statystyki odpowiedzi
Podpowiedzi Słowo % Poprawnych
krzesło + monarcha tron
91%
pojazd + cmentarz karawan
81%
mięczak + skorupa ślimak
63%
piłka + noga piłka nożna
60%
Rosja + władca car
58%
ząb + wąż kieł
56%
klejnot + czerwony rubin
55%
pojazd + medycyna ambulans
50%
konwój + pustynia karawana
50%
naczynie szklane + alkohol kieliszek
42%
Eurazja + teren trawiasty step
33%
gęsi + dźwięk gęganie
24%
przestępstwo + palenie się pożar
24%
Brazylia + slumsy fawela
20%
mapa + sfera globus
20%
publiczna + toaleta szalet
20%
patyk + mały gałązka
17%
instrument dęty + pętla trąbka
17%
włócznia + długa dzida
8%
pióro + pismo gęsie pióro
3%
kamień + duży otoczak
2%
Pascha + uczta seder
2%
rodzeństwo + szczenię szczenięta
2%
zdrajca + kraj zdrada stanu
2%
Nie znaleziono quizów pasujących do podanych kryteriów
Rozkład punktacji
Procent ludzi z każdym wynikiem
Percentyl według liczby udzielonych odpowiedzi
Twoja historia wyników
Nie rozwiązałeś tego quizu